| 000 | 00786nam a2200241Ia 4500 | ||
|---|---|---|---|
| 003 | GCL | ||
| 008 | 140319s9999 xx 000 0 ara d | ||
| 040 |
_aGCL / _cGCL |
||
| 082 | 0 | 4 |
_a320.5322 _bم ل |
| 100 | 1 | _aمودر جنيسكايا , إلينا | |
| 245 | 1 | 0 |
_aاللينينية ومعركة الأفكار (هديه من الآديب عبدالفتاح الجمل) / _cمودر جنيسكايا , إلينا |
| 700 | 1 | _aاسما حليم | |
| 300 | _a343 | ||
| 490 |
_aكتاب _v0 |
||
| 650 | 0 | 4 | _aالماركسية |
| 650 | 0 | 4 | _aالاتحاد السوفيتى |
| 650 | 0 | 4 | _aالشيوعية |
| 650 | 0 | 4 | _aالراسمالية |
| 650 | 0 | 4 | _aلينين |
| 650 | 0 | 4 | _aاللينينية |
| 650 | 0 | 4 | _aالاتحاد السوفيتى - تاريخ |
| 942 |
_2ddc _cBK |
||
| 999 |
_c42846 _d42846 |
||